[Event "New Zealand Championship"]
[Site "Palmerston North"]
[Date "2024.01.06"]
[Round "5.1"]
[White "Tang, Hao"]
[Black "Croad, Nicolas"]
[Result "0-1"]
[WhiteElo "2008"]
[BlackElo "2171"]

1. d4 Nf6 2. Nf3 d5 3. c4 e6 4. Nc3 Bb4 5. cxd5 exd5 6. Qa4+ Nc6 7. Bg5 h6 8.
Bxf6 Qxf6 9. e3 O-O 10. Be2 Be6 11. a3 Bxc3+ 12. bxc3 Ne7 13. c4 c6 14. Rb1 b6
15. Qc2 Rac8 16. c5 b5 17. O-O Bf5 18. Bd3 Bxd3 19. Qxd3 Ng6 20. Qc3 a5 21.
Qxa5 Ra8 22. Qc3 Ra6 23. Rfe1 Rfa8 24. Rb3 Qe6 25. Qd3 f5 26. h3 Ra4 27. Nd2
Nf4 28. Qb1 Nh5 29. Qd3 Nf6 30. Nf3 Ne4 31. Ne5 Nxc5 32. dxc5 Qxe5 33. Rc1 Rc4
34. Qb1 Raa4 35. g3 Rxc1+ 36. Qxc1 Rc4 37. Qb2 Qxb2 38. Rxb2 Rxc5 39. Kf1 Rc4
40. Ke2 Kf7 41. Kd3 Ke6 42. h4 h5 43. Rb3 Kd6 44. Rb2 Kc5 45. Rb3 Kb6 46. Kd2
Ka5 47. Kd1 c5 48. Kd2 Ka4 49. Rd3 d4 50. f3 Rc3 51. e4 fxe4 52. fxe4 Rxd3+ 53.
Kxd3 Ka5 54. a4 bxa4 55. Kc4 Kb6 0-1

[Event "New Zealand Championship"]
[Site "Palmerston North"]
[Date "2024.01.06"]
[Round "5.2"]
[White "Middelburg, Tom"]
[Black "Cilia Vincenti, David"]
[Result "1-0"]
[WhiteElo "2358"]
[BlackElo "1945"]

1. e4 e5 2. Nf3 Nc6 3. Nc3 Nf6 4. g3 Bc5 5. Bg2 d6 6. d3 a5 7. Be3 Bxe3 8. fxe3
O-O 9. Nh4 g6 10. O-O Kg7 11. Qf3 Qe7 12. h3 Nd8 13. Rf2 c6 14. Raf1 Ng8 15.
Kh2 f6 16. g4 Nf7 17. Qg3 Ng5 18. Nf3 Nxf3+ 19. Rxf3 Be6 20. h4 b5 21. a4 b4
22. Nd1 Qd7 23. Bh3 d5 24. Nf2 d4 25. g5 dxe3 26. Rxe3 Bxh3 27. Nxh3 Qd4 28. b3
fxg5 29. Nxg5 Qd6 30. Ref3 Rxf3 31. Nxf3 Rf8 32. Kg2 Rf4 33. Nxe5 Rxf1 34. Kxf1
Nf6 35. Qf4 Qc5 36. Qxf6+ 1-0

[Event "New Zealand Championship"]
[Site "Palmerston North"]
[Date "2024.01.06"]
[Round "5.3"]
[White "Hague, Ben"]
[Black "Young, Cohen"]
[Result "1-0"]
[WhiteElo "2337"]
[BlackElo "1829"]

1. e4 c5 2. Nc3 Nc6 3. Bb5 Nd4 4. Nf3 e6 5. Bd3 Nc6 6. O-O a6 7. Nd5 g5 8. Ne3
h5 9. c3 g4 10. Ne1 d5 11. exd5 exd5 12. N1c2 Nh6 13. Re1 Be7 14. b4 cxb4 15.
Nxb4 Nxb4 16. cxb4 Be6 17. Bb2 O-O 18. Nc2 Bf6 19. Be5 Bf5 20. Bxf5 Nxf5 21. d4
Re8 22. Qd3 Ng7 23. Re2 Bxe5 24. dxe5 Qd7 25. Rae1 Rac8 26. Nd4 Rc4 27. a3 Ne6
28. Nxe6 Qxe6 29. g3 Rec8 30. Qd2 R8c6 31. Qg5+ Qg6 32. Qd8+ Kg7 33. Qxd5 Rc1
34. Qd4 Kh7 35. Qe3 R1c3 36. Qa7 Rxa3 37. Qxb7 Qe6 38. Qa7 Rb6 39. Re4 Rd3 40.
Rf4 Rd7 41. Qa8 Qg6 42. Qc8 Re7 43. Qc5 Rbe6 44. Kg2 Qg5 45. Qc2+ Qg6 46. Rf5
Kg8 47. Re3 Rc7 48. Qe4 Rc4 49. Qd3 Rd4 50. Qxd4 Qxf5 51. Qf4 Qxf4 52. gxf4 Rb6
53. Re4 Kg7 54. f5 Kh6 55. e6 Rb8 56. exf7 Rf8 57. Re6+ Kg5 58. Rxa6 Rxf7 59.
f6 Rb7 60. Ra5+ Kxf6 61. b5 Kg5 62. b6+ Kf4 63. Rb5 h4 64. Rb4+ Kf5 65. h3
gxh3+ 66. Kxh3 Kg5 67. f3 Kh5 68. Rb5+ Kg6 69. Kxh4 Kf6 70. Kg4 Kg6 71. Kf4 Kf6
72. Ke4 Ke6 73. f4 1-0

[Event "New Zealand Championship"]
[Site "Palmerston North"]
[Date "2024.01.06"]
[Round "5.4"]
[White "Archer, Ollie"]
[Black "Dive, Russell J"]
[Result "0-1"]
[WhiteElo "2024"]
[BlackElo "2194"]

1. d4 Nf6 2. c4 e6 3. Nf3 b6 4. g3 Bb4+ 5. Nbd2 O-O 6. Bg2 Bb7 7. O-O d5 8. Ne5
Bxd2 9. Bxd2 Ne4 10. cxd5 Nxd2 11. Qxd2 exd5 12. Rac1 Qe7 13. Nd3 a5 14. Rc3
Na6 15. Rfc1 Rfe8 16. e3 Rad8 17. a3 Qd6 18. b4 axb4 19. axb4 c6 20. Qb2 Nc7
21. Ne5 Rxe5 22. dxe5 Qxe5 23. R3c2 Qxb2 24. Rxb2 f5 25. Ra1 Nb5 26. Bf1 Nd6
27. Ra7 b5 28. Bd3 g6 29. f3 Re8 30. Re2 Re7 31. Kf2 Kf7 32. h4 h5 33. g4 fxg4
34. fxg4 hxg4 35. Kg3 Kf6 36. Ra1 Bc8 37. Rf1+ Bf5 38. Bb1 Ne4+ 39. Bxe4 Rxe4
40. Rf4 Ke5 41. Rxe4+ Kxe4 42. Rc2 Kxe3 43. Rxc6 d4 44. h5 gxh5 45. Rc5 Be4 46.
Rxb5 d3 47. Ra5 d2 48. Ra1 Bf3 49. b5 d1=Q 50. Rxd1 Bxd1 51. b6 Bf3 0-1

[Event "New Zealand Championship"]
[Site "Palmerston North"]
[Date "2024.01.06"]
[Round "5.5"]
[White "Ning, Isabelle Yixuan"]
[Black "Steadman, Michael V R"]
[Result "0-1"]
[WhiteElo "1958"]
[BlackElo "2072"]

1. d4 Nf6 2. c4 Nc6 3. Nc3 e5 4. dxe5 Nxe5 5. e3 Bb4 6. Qc2 Qe7 7. a3 Bxc3+ 8.
Qxc3 d5 9. Be2 dxc4 10. Nf3 Nd3+ 11. Bxd3 cxd3 12. Qxd3 Bg4 13. Nd4 Rd8 14. Qc4
c5 15. Ne2 O-O 16. O-O Bf5 17. Qa2 Bd3 18. b3 Rd6 19. Re1 Rfd8 20. f3 Qe5 21.
Qb2 Qh5 22. e4 Bxe2 23. Qxe2 Rd3 24. e5 Ne8 25. e6 Rxb3 26. e7 Rdd3 27. Bf4 Qd5
28. a4 Qd4+ 29. Qf2 Qxf4 30. Qxc5 Qd4+ 31. Qxd4 Rxd4 32. Rac1 f6 33. Rc8 Kf7
34. Rec1 Rd7 35. Ra8 a6 36. Kf2 Rxe7 0-1

[Event "New Zealand Championship"]
[Site "Palmerston North"]
[Date "2024.01.06"]
[Round "5.6"]
[White "Renjith, Sravan"]
[Black "Ker, Anthony F"]
[Result "1-0"]
[WhiteElo "2257"]
[BlackElo "2249"]

1. e4 c5 2. Nf3 g6 3. c3 Bg7 4. Bc4 e6 5. O-O d5 6. exd5 exd5 7. Re1+ Ne7 8.
Bb5+ Bd7 9. Qe2 c4 10. Bxd7+ Qxd7 11. b3 cxb3 12. axb3 Nc6 13. b4 b5 14. Qxb5
O-O 15. Rxe7 Qxe7 16. Qxc6 Qe2 17. Qa6 Qd1+ 18. Qf1 Qb3 19. Na3 a6 20. Rb1 Qa4
21. Bb2 Rfe8 22. Qd1 Qd7 23. Nc2 h6 24. Ra1 g5 25. Ne3 a5 26. Rxa5 Rxa5 27.
bxa5 Qb5 28. Ba3 Qxa5 29. Bb4 Qb5 30. d4 Ra8 31. h4 Ra2 32. Ne5 Qa6 33. Qf3
Ra1+ 34. Kh2 Bxe5+ 35. dxe5 Qd3 36. e6 Qg6 37. e7 1-0

[Event "New Zealand Championship"]
[Site "Palmerston North"]
[Date "2024.01.06"]
[Round "5.7"]
[White "Qin, Oscar Shu Xuan"]
[Black "Fulo, Nunilon III"]
[Result "1/2-1/2"]
[WhiteElo "1880"]
[BlackElo "2002"]

1. e4 e5 2. Nf3 Nc6 3. Bb5 a6 4. Ba4 Nf6 5. O-O Be7 6. Re1 b5 7. Bb3 O-O 8. a4
Bb7 9. d3 d6 10. Nbd2 Re8 11. Ng5 Rf8 12. Ngf3 h6 13. Nf1 Re8 14. Ne3 Bf8 15.
c3 Ne7 16. Ba2 Qd7 17. axb5 axb5 18. b4 Ra6 19. Bb2 Rea8 20. Bb3 Ng6 21. Rxa6
Rxa6 22. c4 bxc4 23. Nxc4 Qb5 24. Bc3 Qd7 25. Ne3 Bc6 26. Qd2 Nf4 27. h3 Bb5
28. Nc4 Ne6 29. d4 exd4 30. Nxd4 Nxd4 31. Qxd4 Ba4 32. Ba2 Bb5 33. Bb3 Ba4
1/2-1/2

[Event "New Zealand Championship"]
[Site "Palmerston North"]
[Date "2024.01.06"]
[Round "5.8"]
[White "Yu, Zachary"]
[Black "Carpinter, Anthony L"]
[Result "0-1"]
[WhiteElo "1861"]
[BlackElo "2080"]

1. d4 d5 2. c4 e6 3. Nf3 a6 4. g3 dxc4 5. Bg2 Nc6 6. O-O Rb8 7. e4 Nf6 8. Re1
Be7 9. Nc3 O-O 10. Bg5 h6 11. Bxf6 Bxf6 12. e5 Be7 13. Qd2 Nb4 14. Bf1 b5 15.
a3 Nd5 16. Ne4 Bb7 17. Rad1 Rc8 18. Qc2 Nb6 19. Bg2 Bd5 20. Nc3 c6 21. h4 a5
22. Ne2 b4 23. axb4 axb4 24. Ra1 Ra8 25. Rxa8 Qxa8 26. h5 Qa5 27. Nf4 Qa2 28.
Rc1 Na4 0-1

[Event "New Zealand Championship"]
[Site "Palmerston North"]
[Date "2024.01.06"]
[Round "5.9"]
[White "Lee, Miles"]
[Black "Langford, Joshua"]
[Result "1/2-1/2"]
[WhiteElo "1968"]
[BlackElo "1869"]

1. c4 e6 2. Nc3 d5 3. cxd5 exd5 4. d4 c6 5. Qc2 Bd6 6. Nf3 Ne7 7. Bg5 f6 8. Be3
Bf5 9. Qc1 Qc7 10. g3 O-O 11. Bg2 Nd7 12. O-O Nb6 13. Nd2 Rae8 14. f3 Bg6 15.
Bf2 f5 16. e4 fxe4 17. fxe4 dxe4 18. Ndxe4 Ned5 19. Nxd6 Qxd6 20. Nxd5 Nxd5 21.
Qc4 Bf7 22. Qc5 Qxc5 23. dxc5 Re2 24. Bd4 Nb4 25. Bf3 Re7 26. Bd1 Rd8 27. Bc3
Nd5 28. Bb3 Nxc3 29. bxc3 Bd5 30. Rfe1 Red7 31. Re3 Bf7 32. Rae1 Bxb3 33. axb3
Kf8 34. Rf3+ Kg8 35. Rfe3 Kf8 36. Rf3+ Kg8 37. Kg2 Rd2+ 38. Kh3 g6 39. Re7 R2d7
40. Rff7 Rxe7 41. Rxe7 b6 42. Rxa7 bxc5 43. Rb7 Rd3 44. c4 Rf3 45. Kg4 Rf6 46.
Rc7 h6 47. h3 Kh8 48. Rb7 Kg8 49. Re7 Rf5 50. Re6 Kf7 51. Rxc6 Kg7 52. Rd6 h5+
53. Kh4 Rf3 54. Rb6 Kh6 55. g4 hxg4 56. hxg4 Re3 57. g5+ Kg7 58. Rb7+ Kf8 59.
Kg4 Re1 60. Rd7 Re3 61. Rd5 Rxb3 62. Rxc5 Rc3 63. Kf4 Ke7 64. Ke5 Re3+ 65. Kd4
Rg3 66. Re5+ Kd7 67. Kc5 Rg1 68. Kb6 Kd6 69. Rd5+ Ke6 70. Kc6 Ra1 71. Rb5 Rc1
72. Kc5 Ke5 73. Kb6+ Kf4 74. c5 Kxg5 75. c6+ Kf4 76. c7 Rxc7 77. Kxc7 g5 78.
Kd6 g4 79. Rb1 g3 80. Ke6 g2 81. Kf6 Kf3 82. Kf5 Kf2 83. Rb2+ Kf1 84. Rb1+ Kf2
85. Kf4 g1=Q 86. Rb2+ Kf1 87. Rb1+ Kf2 88. Rb2+ Kf1 89. Rb1+ Kf2 90. Rxg1 Kxg1
91. Kg5 Kf2 92. Kg6 Kg3 93. Kg7 Kf3 94. Kg8 Kf2 95. Kf7 Ke1 96. Ke7 Kd1 1/2-1/2

[Event "New Zealand Championship"]
[Site "Palmerston North"]
[Date "2024.01.06"]
[Round "5.10"]
[White "VanMeter, Lester"]
[Black "Milligan, Helen"]
[Result "1/2-1/2"]
[WhiteElo "1810"]
[BlackElo "1941"]

1. d4 Nf6 2. Nf3 g6 3. c4 Bg7 4. b4 d6 5. Bb2 a5 6. b5 Nbd7 7. e3 c5 8. bxc6
bxc6 9. Nc3 O-O 10. Be2 Ba6 11. Na4 Ne4 12. Nd2 f5 13. O-O e5 14. Nxe4 fxe4 15.
d5 Nf6 16. dxc6 Qc7 17. c5 Bxe2 18. Qxe2 Qxc6 19. Nb6 Ra7 20. Ba3 d5 21. Rad1
Kh8 22. f3 exf3 23. Rxf3 Raf7 24. Rdf1 Kg8 25. R3f2 Ne4 26. Rxf7 Rxf7 27. Rxf7
Kxf7 28. Qd1 Ke6 29. Qg4+ Kf7 30. Qd1 Ke6 31. Qg4+ Kf7 1/2-1/2

[Event "New Zealand Championship"]
[Site "Palmerston North"]
[Date "2024.01.06"]
[Round "5.12"]
[White "Smith, Robert W"]
[Black "Zhu, David Junyang"]
[Result "1-0"]
[WhiteElo "2152"]
[BlackElo "1721"]

1. e4 e5 2. Nf3 Nc6 3. Bb5 Nge7 4. O-O Ng6 5. c3 a6 6. Ba4 d5 7. d3 dxe4 8.
Bxc6+ bxc6 9. dxe4 Qxd1 10. Rxd1 Bg4 11. Rd3 Be7 12. h3 Bxf3 13. Rxf3 O-O-O 14.
Nd2 Bg5 15. Nb3 Rd1+ 16. Kh2 Bxc1 17. Rxc1 Rxc1 18. Nxc1 f6 19. g3 Nf8 20. Nb3
Ne6 21. Rd3 Rd8 22. Rxd8+ Kxd8 23. Kg2 Kd7 24. h4 h5 25. Kf3 Kd6 26. Ke3 Nc5
27. Nxc5 Kxc5 28. Kd3 a5 29. a4 g6 30. b3 f5 31. f3 f4 32. gxf4 exf4 33. Ke2
Kd6 34. b4 axb4 35. cxb4 c5 36. bxc5+ Kxc5 37. a5 1-0

[Event "New Zealand Championship"]
[Site "Palmerston North"]
[Date "2024.01.06"]
[Round "5.13"]
[White "Burns, Christopher J"]
[Black "Chang, Yolanda"]
[Result "0-1"]
[WhiteElo "1926"]
[BlackElo "1595"]

1. e4 c6 2. Nc3 d5 3. Nf3 dxe4 4. Nxe4 Nf6 5. Qe2 Na6 6. d4 Nxe4 7. Qxe4 g6 8.
Bd2 Bf5 9. Qf4 Nc7 10. c4 Bg7 11. Bc3 O-O 12. h3 f6 13. Rd1 Qd7 14. g4 Be6 15.
Bd3 b5 16. b3 a5 17. O-O a4 18. Rfe1 Bf7 19. Re2 Rfe8 20. Kg2 axb3 21. axb3 Ra3
22. Nd2 e5 23. Qg3 Ne6 24. Ree1 Nf4+ 25. Kh2 bxc4 26. Bxc4 Bd5 27. dxe5 fxe5
28. Ne4 Qe6 29. Bb4 Ra2 30. Nc3 Rb2 31. Nxd5 cxd5 32. Qxf4 dxc4 33. Qe4 Rxf2+
34. Kg1 Qb6 35. Qxc4+ Rf7+ 36. Kh1 Qb7+ 37. Re4 Kh8 38. Kg1 Rc8 39. Qe6 Ra8 40.
Rc4 Rf6 41. Qd7 Qf3 42. Qd3 Qf2+ 43. Kh1 Rf3 0-1

[Event "New Zealand Championship"]
[Site "Palmerston North"]
[Date "2024.01.06"]
[Round "5.14"]
[White "Steele, Hayden"]
[Black "Metge, J Nigel"]
[Result "1-0"]
[WhiteElo "1493"]
[BlackElo "1787"]

1. e4 e6 2. d4 d5 3. Nc3 Bb4 4. Ne2 Nf6 5. e5 Ne4 6. a3 Nxc3 7. Nxc3 Bf8 8. f4
b6 9. g3 h5 10. Be3 Ba6 11. Ne2 Qd7 12. Bg2 Qb5 13. Nc3 Qxb2 14. Kd2 Bc4 15.
Qf3 Bb3 16. Rhc1 Bxc2 17. Rxc2 Qxa1 18. Ra2 Qxa2+ 19. Nxa2 Bxa3 20. f5 Nd7 21.
fxe6 fxe6 22. Bh3 Nf8 23. Bg5 Be7 24. Bxe7 Kxe7 25. Nb4 Rh6 26. Qa3 h4 27.
Nxd5+ Kf7 28. Qf3+ Kg8 29. Ne7+ Kh8 30. Qxa8 1-0

[Event "New Zealand Championship"]
[Site "Palmerston North"]
[Date "2024.01.06"]
[Round "5.15"]
[White "Praveen, Jeeva"]
[Black "Gong, Daniel Hanwen"]
[Result "0-1"]
[WhiteElo "1640"]
[BlackElo "2319"]

1. c4 f5 2. Nf3 Nf6 3. g3 e6 4. Bg2 d5 5. b3 Be7 6. Bb2 Nc6 7. d4 Ne4 8. e3
Bb4+ 9. Nbd2 O-O 10. a3 Be7 11. Qc2 Bd7 12. b4 Bf6 13. O-O-O Nxf2 14. Ne5 Nxd1
15. Rxd1 Ne7 16. Rg1 a5 17. g4 Bxe5 18. dxe5 axb4 19. axb4 fxg4 20. cxd5 exd5
21. Qc3 Be6 22. Nb3 b6 23. Nd4 Qd7 24. b5 Rac8 25. Kb1 c5 26. bxc6 Nxc6 27.
Nxe6 Qxe6 28. Qb3 Rfd8 29. Rd1 Qg6+ 30. Qd3 Qxd3+ 31. Rxd3 Ne7 32. Ba3 Kf7 33.
Rd4 h5 34. h3 g3 35. h4 Rc4 36. Bxd5+ Nxd5 37. Rxc4 g2 38. e6+ Kxe6 39. Rc6+
Kf7 40. Rc1 Nxe3 41. Rc7+ Kg8 0-1

[Event "New Zealand Championship"]
[Site "Palmerston North"]
[Date "2024.01.06"]
[Round "5.16"]
[White "Wang, Aaron Ziwen"]
[Black "van der Hoorn, Thomas"]
[Result "1/2-1/2"]
[WhiteElo "1669"]
[BlackElo "1882"]

1. c4 e5 2. Nc3 Nc6 3. g3 Nf6 4. Bg2 Bc5 5. Nf3 O-O 6. O-O d6 7. d3 h6 8. Nd2
Be6 9. h3 a6 10. Nb3 Ba7 11. Nd5 Bxd5 12. cxd5 Ne7 13. e4 c6 14. dxc6 Nxc6 15.
Qe2 Nd4 16. Nxd4 Bxd4 17. Be3 Qb6 18. Bxd4 Qxd4 19. Rac1 Rac8 20. Rc4 Rxc4 21.
dxc4 Rc8 22. b3 Nd7 23. Kh2 Nf8 24. Rd1 Qb6 25. h4 Ng6 26. Qd2 Rd8 27. b4 Rc8
28. Bf1 Ne7 29. Qxd6 Qxf2+ 30. Bg2 Nc6 31. Rf1 Qd4 32. Qxd4 Nxd4 33. c5 Rd8 34.
Rd1 Kf8 35. Kh3 Ke7 36. Bf1 g6 37. Bc4 f5 38. Bd5 Rd7 39. Rd2 g5 40. a4 Kf6 41.
Rf2 f4 42. hxg5+ hxg5 43. Kg4 Nf5 44. exf5 Rxd5 45. gxf4 exf4 46. c6 bxc6 47.
Rc2 c5 48. bxc5 Rd3 49. c6 Rg3+ 50. Kh5 Rh3+ 51. Kg4 Rg3+ 52. Kh5 Rh3+ 53. Kg4
Rg3+ 1/2-1/2

[Event "New Zealand Championship"]
[Site "Palmerston North"]
[Date "2024.01.06"]
[Round "5.17"]
[White "Liu, William Rui"]
[Black "Gan, Emily Cathay"]
[Result "1-0"]
[WhiteElo "1853"]
[BlackElo "1570"]

1. e4 c5 2. Nf3 d6 3. d4 cxd4 4. Nxd4 Nf6 5. Nc3 g6 6. Be3 Nc6 7. f3 Bg7 8. Qd2
Bd7 9. O-O-O Nxd4 10. Bxd4 a6 11. Nd5 O-O 12. Bb6 Qe8 13. Nc7 Qc8 14. Nxa8 Qxa8
15. Be3 Rc8 16. Bh6 b5 17. Bxg7 Kxg7 18. h4 Be6 19. Kb1 d5 20. e5 Nd7 21. h5
Rh8 22. Qe3 Qb8 23. f4 Qc7 24. Bd3 Nc5 25. hxg6 fxg6 26. Rdg1 Bg4 27. Rh4 h5
28. Be2 Bxe2 29. Qxe2 e6 30. g4 hxg4 31. Qxg4 1-0

[Event "New Zealand Championship"]
[Site "Palmerston North"]
[Date "2024.01.06"]
[Round "5.18"]
[White "McDougall, Euan"]
[Black "Sun, Wanyao Sarah"]
[Result "1-0"]
[WhiteElo "1747"]
[BlackElo "1614"]

1. d4 Nf6 2. c4 g6 3. Nc3 d5 4. Nf3 Bg7 5. g3 Nc6 6. Bg2 O-O 7. O-O Bf5 8. a3
e6 9. Re1 dxc4 10. Ne5 Qxd4 11. Nxc6 Qxd1 12. Ne7+ Kh8 13. Rxd1 Bc2 14. Rd2 Bb3
15. Bxb7 Rad8 16. Nc6 Rd6 17. e4 Ng4 18. h3 Ne5 19. Nxe5 Bxe5 20. Rxd6 cxd6 21.
Bc6 Rd8 22. Ba4 Bxa4 23. Nxa4 d5 24. exd5 exd5 25. Bg5 Rd6 26. Bf4 Bxf4 27.
gxf4 Rf6 28. Rd1 Rd6 29. Rd4 Kg7 30. Kf1 Ra6 31. Nc3 Rb6 32. Nd1 Rb5 33. Ke2 h5
34. Rd2 Rb3 35. f3 Kf6 36. Rxd5 c3 37. bxc3 Rxa3 38. c4 Ke6 39. Rd3 Ra2+ 40.
Rd2 Ra4 41. Ne3 f6 42. c5 Ra6 43. Rc2 Rc6 44. Rc3 a5 45. Kd3 Rc7 46. Kc4 g5 47.
Kb5 gxf4 48. Nc2 a4 49. c6 Ke7 50. Kb6 Kd8 51. Nd4 Kc8 52. Nb5 Re7 53. Nd6+ Kd8
54. c7+ Rxc7 55. Rxc7 1-0

[Event "New Zealand Championship"]
[Site "Palmerston North"]
[Date "2024.01.06"]
[Round "5.19"]
[White "Forster, William"]
[Black "Xu, Luna Yuexiu"]
[Result "1/2-1/2"]
[WhiteElo "1790"]
[BlackElo "1407"]

1. e4 c5 2. Be2 d6 3. f4 Nc6 4. Nf3 Nf6 5. d3 e6 6. O-O Be7 7. b3 O-O 8. Bb2 a6
9. Nbd2 b5 10. Qe1 Nb4 11. Bd1 d5 12. Ne5 Bb7 13. a3 Nc6 14. Nxc6 Bxc6 15. e5
Ne8 16. Bf3 Rc8 17. Qe2 Qd7 18. Rae1 Nc7 19. c3 Rfd8 20. Bg4 Re8 21. f5 exf5
22. Bxf5 Ne6 23. Bxh7+ Kxh7 24. Qh5+ Kg8 25. Qxf7+ Kh7 26. Qh5+ 1/2-1/2

[Event "New Zealand Championship"]
[Site "Palmerston North"]
[Date "2024.01.06"]
[Round "5.20"]
[White "Baker, Ilias Angelo (Leo)"]
[Black "Lu, Xiahan (Luna)"]
[Result "0-1"]
[WhiteElo "1649"]
[BlackElo "1471"]

1. e4 e6 2. Nf3 d5 3. exd5 exd5 4. d4 Nc6 5. a4 Bd6 6. c3 Bg4 7. Be3 Nf6 8. a5
a6 9. h3 Bh5 10. Bd3 O-O 11. Nbd2 Re8 12. O-O Ne4 13. Qb3 Qd7 14. Ng5 Nxd2 15.
Bxh7+ Kh8 16. Bxd2 f6 17. Qc2 fxg5 18. Bxg5 Re2 19. Qb1 Qf7 20. Bd3 Ree8 21. g4
Bxg4 22. hxg4 Qf3 23. Bh4 Qxg4+ 24. Bg3 Bxg3 25. f3 Qg5 26. Bf5 Bh2+ 27. Kxh2
Re2+ 28. Kh1 Qg2# 0-1

[Event "New Zealand Championship"]
[Site "Palmerston North"]
[Date "2024.01.06"]
[Round "5.21"]
[White "Thurner, Anya"]
[Black "Timergazi, Layla"]
[Result "1-0"]
[WhiteElo "1648"]
[BlackElo "1995"]

1. e4 c6 2. d4 d5 3. Nc3 dxe4 4. Nxe4 Bf5 5. Ng3 Bg6 6. h4 h6 7. Nf3 Nd7 8. h5
Bh7 9. Bd3 Bxd3 10. Qxd3 e6 11. Bd2 Ngf6 12. O-O-O Qc7 13. Ne4 Be7 14. Kb1 Rd8
15. Nxf6+ Nxf6 16. Qe2 O-O 17. g4 Nxg4 18. Rhg1 f5 19. Qxe6+ Kh8 20. Ne5 Nxe5
21. Rxg7 Qd6 22. Rxe7 Ng4 23. Qxd6 Rxd6 24. Rxb7 Nxf2 25. Rf1 Ne4 26. Bb4 Re6
27. Rxa7 f4 28. Ra3 Rb8 29. Be1 Nd6 30. Bc3 Nb5 31. d5+ Nxc3+ 32. Rxc3 cxd5 33.
Rcf3 Rf8 34. a4 Re4 35. b3 Rf6 36. a5 d4 37. a6 Rxa6 38. Rxf4 Rxf4 39. Rxf4 Rd6
40. Kc1 d3 41. c3 d2+ 42. Kd1 Rd3 43. Rc4 Kg7 44. b4 Kf6 45. b5 Rd7 46. b6 Rb7
47. Rc6+ Kg5 48. c4 1-0

[Event "New Zealand Championship"]
[Site "Palmerston North"]
[Date "2024.01.06"]
[Round "5.22"]
[White "Weng, Winston"]
[Black "Malcolm, Leo"]
[Result "0-1"]
[WhiteElo "1738"]
[BlackElo "1688"]

1. Nf3 e6 2. c4 f5 3. d4 Nf6 4. Nc3 Be7 5. g3 O-O 6. Bg2 d6 7. O-O Ne4 8. Qb3
Nxc3 9. Qxc3 a5 10. a3 a4 11. b4 axb3 12. Nd2 Nc6 13. Nxb3 Bf6 14. Bb2 e5 15.
e3 Qe8 16. Qd2 Qh5 17. d5 Nd8 18. f4 b6 19. fxe5 dxe5 20. d6 Ra7 21. d7 Ba6 22.
Rf2 Bxc4 23. Bd5+ Bxd5 24. Qxd5+ Qf7 25. Qxf7+ Kxf7 26. Rxf5 Ke6 27. g4 Nf7 28.
Raf1 Nh6 29. Rxe5+ Kxd7 30. Re4 Raa8 31. Bxf6 Rxf6 32. Rxf6 gxf6 33. a4 Rg8 34.
h3 f5 35. Rd4+ Kc8 36. Kf2 fxg4 37. hxg4 Nxg4+ 38. Kf3 Nxe3 39. Kxe3 Rg3+ 40.
Kd2 Rxb3 41. Rh4 Rg3 42. a5 bxa5 43. Rxh7 Kb7 44. Kc2 Kb6 45. Kb2 c5 46. Rh6+
Kb5 47. Rh4 Rd3 48. Rg4 Rd4 49. Rg5 Kc4 50. Rg2 Kb4 51. Rh2 c4 52. Rh8 Rd2+ 53.
Kc1 Kc3 54. Ra8 Rh2 55. Kb1 Rh5 56. Ra7 Rd5 57. Ra8 Rb5+ 58. Kc1 Kb3 59. Ra7 a4
60. Kb1 Rb4 61. Ra8 Rb5 62. Ra7 a3 63. Ka1 c3 64. Rxa3+ Kc2 65. Ra8 Rd5 66. Ka2
Rd7 67. Ra6 Kc1 68. Rh6 c2 69. Rh1+ Rd1 70. Rh2 Re1 71. Rh8 Kd2 72. Rd8+ Ke3
73. Re8+ Kf2 74. Rf8+ Kg3 75. Rg8+ Kf4 0-1

[Event "New Zealand Championship"]
[Site "Palmerston North"]
[Date "2024.01.06"]
[Round "5.23"]
[White "Yu, Weiyang (Cadence)"]
[Black "Wang, Justin Zhide"]
[Result "1/2-1/2"]
[WhiteElo "1551"]
[BlackElo "1667"]

1. e4 e6 2. d4 d5 3. exd5 exd5 4. c4 Nf6 5. Nc3 Bb4 6. Bd3 O-O 7. Ne2 c6 8. O-O
Bxc3 9. Nxc3 Bg4 10. f3 Bh5 11. Kh1 Bg6 12. Bg5 dxc4 13. Bxc4 Qd6 14. Ne2 Nd5
15. Qd2 Nd7 16. f4 f6 17. Bh4 Nb6 18. Bd3 Bxd3 19. Qxd3 Rae8 20. Rf3 Kh8 21. a3
Rf7 22. f5 Rfe7 23. Bg3 Qd7 24. Nf4 Nxf4 25. Bxf4 Re4 26. Be3 c5 27. Raf1 cxd4
28. Bg1 Qd5 29. Rh3 Rg4 30. Rxh7+ Kg8 31. Qh3 Qxg2+ 32. Qxg2 Rxg2 33. Kxg2 Kxh7
34. Bxd4 Kh6 35. Rf3 Re4 36. Bxb6 axb6 37. Rb3 Re7 38. Rxb6 Kg5 39. Rb5 Kf4 40.
Kf2 Rc7 41. Ke2 Ke4 42. Kd2 Kd4 43. Rb4+ Ke5 44. Rb5+ Kd6 45. b4 Rd7 46. Kc3
Kc6 47. Rc5+ Kb6 48. a4 Rd1 49. Rb5+ Kc6 50. Rc5+ Kb6 51. Kc4 Rf1 52. Rd5 Rf4+
53. Kc3 Rf3+ 54. Kb2 Rf2+ 55. Kb3 Rf3+ 56. Kc4 Rf4+ 57. Kb3 Rf3+ 58. Kc4 Rf4+
1/2-1/2

[Event "New Zealand Championship"]
[Site "Palmerston North"]
[Date "2024.01.06"]
[Round "5.24"]
[White "McDonald, Duncan"]
[Black "Ng, Lok Jim (Lauren)"]
[Result "1-0"]
[WhiteElo "1657"]
[BlackElo "1348"]

1. e4 c5 2. c3 e6 3. d4 d5 4. exd5 exd5 5. Bb5+ Nc6 6. Nf3 Be7 7. dxc5 Bxc5 8.
O-O Ne7 9. Nbd2 O-O 10. Nb3 Bb6 11. h3 a6 12. Bd3 h6 13. Bf4 Bc7 14. Bxc7 Qxc7
15. Nbd4 Nxd4 16. Nxd4 Nc6 17. Bc2 Nxd4 18. Qxd4 Qc4 19. Rfd1 Be6 20. Bb3 Qb5
21. Rd2 Rfd8 22. Rad1 Qc6 23. Qe5 Rd7 24. Bxd5 Bxd5 25. Rxd5 Rxd5 26. Qxd5 Qxd5
27. Rxd5 Re8 28. Rd7 b5 29. Kf1 Kf8 30. Rd6 Re6 31. Rxe6 fxe6 32. Ke2 Kf7 33.
Ke3 e5 34. Ke4 Ke6 35. h4 h5 36. b3 a5 37. f3 g6 38. f4 exf4 39. Kxf4 Kf6 40.
c4 bxc4 41. bxc4 Ke6 42. Kg5 Kd6 43. Kxg6 Kc5 44. Kxh5 Kxc4 45. g4 Kb4 46. g5
Ka3 47. g6 Kxa2 48. g7 a4 49. g8=Q+ Kb2 50. Kg4 a3 51. h5 a2 52. Qxa2+ Kxa2 53.
h6 Kb2 54. h7 Kc2 55. h8=Q Kb3 56. Qd4 Kc2 57. Kf3 Kb3 58. Ke2 Kc2 59. Qd3+ Kb2
60. Kd2 Ka2 61. Kc2 Ka1 62. Qa3# 1-0

[Event "New Zealand Championship"]
[Site "Palmerston North"]
[Date "2024.01.06"]
[Round "5.25"]
[White "Rowe, Abigail"]
[Black "Braganza, Nadia"]
[Result "0-1"]
[WhiteElo "1357"]
[BlackElo "1808"]

1. e4 c5 2. c3 Nf6 3. e5 Nd5 4. d4 cxd4 5. Nf3 Nc6 6. cxd4 d6 7. Bc4 dxe5 8.
dxe5 Ndb4 9. Qxd8+ Nxd8 10. Na3 a6 11. Bd2 Nbc6 12. O-O Bg4 13. Rfe1 e6 14. Nc2
Bxf3 15. gxf3 Bc5 16. Bc3 b5 17. Bb3 Nb7 18. a3 O-O 19. Rad1 Rfd8 20. Ba2 Rac8
21. b4 Bb6 22. Ne3 Nd4 23. Bxd4 Bxd4 24. f4 Kf8 25. Bb1 Ke7 26. Kg2 h6 27. Kf3
Rc3 28. Ke4 Bxe3 29. Rxd8 Nxd8 30. Rxe3 Rc4+ 31. Kf3 Nc6 32. Re4 Rc1 33. Ba2
Ra1 34. Bb3 Rxa3 35. Re3 Rxb3 36. Rxb3 Nd4+ 37. Ke3 Nxb3 38. Kd3 a5 39. Kc3 a4
40. f3 f6 41. h4 fxe5 42. fxe5 Kf7 0-1

[Event "New Zealand Championship"]
[Site "Palmerston North"]
[Date "2024.01.07"]
[Round "6.1"]
[White "Croad, Nicolas"]
[Black "Hague, Ben"]
[Result "1/2-1/2"]
[WhiteElo "2171"]
[BlackElo "2337"]

1. e4 c5 2. Nf3 Nc6 3. Bb5 e6 4. O-O Nge7 5. c3 a6 6. Ba4 b5 7. Bc2 d5 8. a4 b4
9. d4 cxd4 10. Nxd4 Nxd4 11. Qxd4 Nc6 12. Qe3 d4 13. Qg3 Bd6 14. Qxg7 Be5 15.
Qg5 Qxg5 16. Bxg5 dxc3 17. bxc3 bxc3 18. Be3 Nb4 19. Rc1 Bb7 20. f3 Rc8 21. Na3
O-O 22. Rab1 a5 23. f4 Bd6 24. Nb5 Bc5 25. Bxc5 Rxc5 26. Nd6 Bc6 27. Ra1 Rd8
28. e5 Nxc2 29. Rxc2 Rb8 30. Nb5 Be4 31. Rxc3 Rxc3 32. Nxc3 Bc6 33. Nb5 Rd8 34.
Rc1 Bxb5 35. axb5 Rb8 36. Rb1 a4 37. Kf2 a3 38. Ra1 Rxb5 39. Rxa3 Rb2+ 40. Kg3
Kg7 41. Kf3 h5 42. h3 Rb1 43. Kg3 Rb2 44. Rf3 Kg6 45. Rf2 Rb4 46. Kh4 Rb8 47.
Rf3 Rb4 48. g4 hxg4 49. hxg4 Ra4 50. f5+ exf5 51. Rxf5 Re4 52. Rg5+ Kh6 53. Rf5
Kg6 54. Rg5+ Kh6 55. Rf5 1/2-1/2